2022 NFL All-Pro Team - Statistics

General Stats
  • This quiz has been taken 318 times
  • The average score is 21 of 29
Answer Stats
Team Position Player % Correct
Chiefs QB Patrick Mahomes
100%
Eagles C Jason Kelce
98%
Raiders RB Josh Jacobs
98%
Vikings WR Justin Jefferson
98%
Chiefs TE Travis Kelce
98%
Raiders WR Davante Adams
96%
49ers EDGE Nick Bosa
95%
Browns EDGE Myles Garrett
94%
Rams IDL Aaron Donald
91%
49ers LT Trent Williams
90%
Chiefs IDL Chris Jones
89%
49ers LB Fred Warner
86%
Steelers FS Minkah Fitzpatrick
86%
Eagles CB Darius Slay
84%
Broncos CB Patrick Surtain II
83%
Cowboys RG Zack Martin
83%
Chargers SS Derwin James
82%
Eagles RT Lane Johnson
82%
Ravens LB Roquan Smith
76%
Falcons KR Cordarrelle Patterson
69%
Giants NT Dexter Lawrence
65%
49ers FB Kyle Juszczyk
61%
Browns LG Joel Bitonio
54%
Cowboys PR KaVontae Turpin
39%
Chiefs P Tommy Townsend
38%
Seahawks K Jason Myers
35%
Titans LS Morgan Cox
9%
Commanders CORE Jeremy Reaves
8%
Jets CORE Justin Hardee
4%
No matching quizzes found
Score Distribution
Percent of People with Each Score
Percentile by Number Answered
Your Score History
You have not taken this quiz